000 00604nam a22002177a 4500
003 UA-OsUOA
001 47751
007 ta
008 20070820b un ||||| |||| 00| 0 ukr d
090 _a012
_bЧ-45
942 _cBK
040 _aUA-OsUOA
_bukr
_cUA-OsUOA
_dUA-OsUOA
245 _aЧервоний шлях (1923-1936 рр.)
_bСистематичний покажчик змісту
300 _a215 с.
955 _a2
041 _aukr
080 _a012
260 _aК.
_c2003
650 7 _a01 Бібліографія і бібліографії. Каталоги
_2UDC
999 _c333854
_d333854